00697nam a2200277Ia 4500008004100000020001700041050001400058100001800072245003500090245003700125245002100162260001900183260001600202260000900218300001500227300002000242300001000262440002600272500000900298650002000307650002600327650002400353650001900377700001200396700001100408181129s9999 xx 000 0 und d a078073004508 bM146 1998 aMcGovern, Ann 0aAdventures of the shark lady : 0bEugenie Clark around the world / 0cby Ann McGovern. aNew York, NY : bScholastic, c1998 a79 pages : billustrations ; c19cm. aScholastic biography. a890L aIchthyologists. aReaders (Elementary). aSharks -- Research. aUnited States. aSeries. aTitle.